00395nam a22001217a 4500082001000000100001800010245014200028260002800170300000900198526001900207650002100226700002600247 aT-227 aShaheed Ullah aThe combine usage of bloated slate, stone dust and plastic waste for the production of structural and non-structural lightweight concrete aRisalpur,bMCE,c2017.. a81p. a0b0c0dT_227 a Structural Engg aDr Maqbool Sadiq Awan